Исследование влияния поверхностной комбинированной обработки на микроструктуру и свойства стали 16Х12В2ФТаР; Современные техника и технологии; Т. 2

Bibliografske podrobnosti
Parent link:Современные техника и технологии: X Юбилейная международная научно-практическая конференция студентов, аспирантов и молодых ученых, посвященная 400-летию г. Томска, Томск, 29 марта - 2 апреля 2004 г./ Томский политехнический университет.— , 2004
Т. 2.— 2004.— С. 36-38
Glavni avtor: Красилов А. А.
Drugi avtorji: Антипина Н. А. Наталья Алексеевна, Слосман А. И. Аркадий Иосифович
Jezik:ruščina
Izdano: 2004
Teme:
Format: MixedMaterials Book Chapter
KOHA link:https://koha.lib.tpu.ru/cgi-bin/koha/opac-detail.pl?biblionumber=183297

MARC

LEADER 00000naa2a2200000 4500
001 183297
005 20251205142443.0
035 |a (RuTPU)RU\TPU\book\198708 
090 |a 183297 
100 |a 20100712d2004 k y0rusy50 ca 
101 0 |a rus 
102 |a RU 
200 1 |a Исследование влияния поверхностной комбинированной обработки на микроструктуру и свойства стали 16Х12В2ФТаР  |f А. А. Красилов, Н. А. Антипина, А. И. Слосман 
320 |a Библиогр.: 1 назв. 
461 0 |0 (RuTPU)RU\TPU\book\66154  |t Современные техника и технологии  |o X Юбилейная международная научно-практическая конференция студентов, аспирантов и молодых ученых, посвященная 400-летию г. Томска, Томск, 29 марта - 2 апреля 2004 г.  |o труды  |f Томский политехнический университет  |d 2004 
463 0 |0 (RuTPU)RU\TPU\book\65883  |t Т. 2  |v С. 36-38  |d 2004 
610 1 |a нержавеющие стали 
610 1 |a поверхностная обработка 
610 1 |a микроструктура 
610 1 |a микротвердость 
610 1 |a конструкционные материалы 
610 1 |a труды учёных ТПУ 
700 1 |a Красилов  |b А. А. 
701 1 |a Антипина  |b Н. А.  |c специалист в области инженерной графики и начертательной геометрии  |c доцент Томского политехнического университета, кандидат технических наук  |f 1972-  |g Наталья Алексеевна  |3 (RuTPU)RU\TPU\pers\29477  |9 14020 
701 1 |a Слосман  |b А. И.  |c специалист в области материаловедения  |c профессор Томского политехнического университета  |f 1940-  |g Аркадий Иосифович  |3 (RuTPU)RU\TPU\pers\30264 
801 1 |a RU  |b 63413507  |c 20100712 
801 2 |a RU  |b 63413507  |c 20140324  |g RCR 
942 |c BK